Tâm lý đàn ông : Người phụ nữ cần biết = Men'spoken english secret what every women should know
में बचाया:
| मुख्य लेखक: | |
|---|---|
| स्वरूप: | पुस्तक |
| भाषा: | Undetermined |
| प्रकाशित: |
Tp.Hồ Chí Minh
Nxb. Tổng hợp Tp. HCM
2003
|
| विषय: | |
| टैग : |
टैग जोड़ें
कोई टैग नहीं, इस रिकॉर्ड को टैग करने वाले पहले व्यक्ति बनें!
|
| Thư viện lưu trữ: | Trung tâm Học liệu Trường Đại học Cần Thơ |
|---|
| LEADER | 00669nam a2200217Ia 4500 | ||
|---|---|---|---|
| 001 | CTU_64721 | ||
| 008 | 210402s9999 xx 000 0 und d | ||
| 020 | |b 13000 | ||
| 082 | |a 155.632 | ||
| 082 | |b G617 | ||
| 100 | |a Herb Goldberg | ||
| 245 | 0 | |a Tâm lý đàn ông : Người phụ nữ cần biết = | |
| 245 | 0 | |b Men'spoken english secret what every women should know | |
| 245 | 0 | |c Herb Goldberg; Phan Lưu Hy biên dịch | |
| 260 | |a Tp.Hồ Chí Minh | ||
| 260 | |b Nxb. Tổng hợp Tp. HCM | ||
| 260 | |c 2003 | ||
| 650 | |a men | ||
| 650 | |x psychology | ||
| 904 | |i Minh | ||
| 980 | |a Trung tâm Học liệu Trường Đại học Cần Thơ | ||